000 00662nam a2200205Ia 4500
005 20260601193224.0
008 260601s9999||||xx |||||||||||||| ||und||
020 _a978-3-031-49662-2
_qebk
100 _aFederico Liberatore
245 0 _aOperations Research and Enterprise Systems
250 _a1st ed. 2024
260 _aHeidelberg, Germany
_bSpringer Nature
_c2024
440 _aCommunications in Computer and Information Science
650 _aComputer Science
700 _aGreg H. Parlier
700 _aMarc Demange
700 _aSlawo Wesolkowski
856 _uhttps://link.springer.com/openurl?genre=book&isbn=978-3-031-49662-2
942 _cEB
_2ddc
999 _c55880
_d55880